000 01694nam a2200409 i 4500
001 35090150
003 OCoLC
005 20251114080327.0
008 960716s1996 vaua f f000 0 eng d
035 _a(GPO)96075013
037 _a001-000-04627-6
_bGPO
040 _aGPO
_beng
_erda
_cGPO
_dDLC
_dMvI
041 _aeng
043 _an-us---
074 _a0074-A-04
086 0 _aA 98.8:F 21
086 _aA 98.8:F 21
088 _aFCS-298
245 0 0 _aTeam Nutrition's food, family and Fun :
_ba seasonal guide to healthy eating : commemorating 50 years of school lunch.
246 3 0 _aSeasonal guide to healthy eating.
246 1 4 _aFood, family & fun.
260 _a[Alexandria, Va.?] :
_bU.S. Dept. of Agriculture, Food and Consumer Service ;
_c[1996]
264 1 _a[Alexandria, Va.?] :
_bU.S. Dept. of Agriculture, Food and Consumer Service ;
_aWashington, DC :
_bFor sale by the Supt. of Docs., G.P.O.,
_c[1996]
300 _a122 pages :
_billustrations ;
_c22 x 23 cm.
336 _atext
_btxt
_2rdacontent.
337 _aunmediated
_bn
_2rdamedia.
338 _avolume
_bnc
_2rdacarrier.
500 _aShipping list no.: 96-0279-P.
500 _a"June 1996"--P. [3] of cover.
500 _a"FCS-298"--P. [3] of cover.
650 0 _aCooking
_xStudy and teaching
_zUnited States
_vHandbooks, manuals, etc.
650 0 _aFormulas, recipes, etc.
_zUnited States
_vHandbooks, manuals, etc.
650 0 _aEducation
_xNutrition
_zUnited States
_vHandbooks, manuals, etc.
650 0 _aDiet
_zUnited States
_vHandbooks, manuals, etc.
710 1 _aUnited States.
_bDepartment of Agriculture.
_bFood and Consumer Service.
_0http://id.loc.gov/authorities/names/no95011927.
942 _cBK
999 _c31152
_d31150